Fisiología digestiva / (Registro nro. 173)

Detalles MARC
000 -LEADER
fixed length control field 00998 am a2200337 a 4500
005 - FECHA ULTIMA MODIFICACION
control field 20240517115502.0
008 - CAMPO DE CONTROL (LIBRO)
fixed length control field 100323s1988||||ag a f |||| 000 0 spa d
020 ## - INTERNATIONAL STANDARD BOOK NUMBER
ISBN S/N
041 ## - CODIGO DE IDIOMA
Código de idioma del texto/pista de sonido o título separado spa
092 ## - SIGNATURA TOPOGRAFICA DEWEY LOCAL
número de clasificación 612.3
libristica 25
sección FIS
245 ## - TITULO PROPIAMENTE DICHO
Título Fisiología digestiva /
Mención de responsabilidad y remanente de la transcripción de la portada Pablo Scacchi.
250 ## - MENCION DE EDICION
Mención de edición 1a ed.
260 ## - PIE DE IMPRENTA
Lugar de publicación, distribución, etc Buenos Aires:
Nombre de la editorial, distribuidor, etc S/N;
Fecha de publicación [1990?]
300 ## - DESCRIPCION FISICA
Extension 229 p.
Otros detalles físicos il.
500 ## - NOTA GENERAL
Nota general Scacchi, P. et al. (1990). Fisiología Digestiva. (1a ed.). Buenos Aires : S/N.
590 ## - NOTAS LOCALES (RLIN)
Nota local Donación Cecilia Fontana, 2007
653 ## - TÉRMINO INDIZADO - PALABRAS CLAVES
Palabra clave Motilidad
653 ## - TÉRMINO INDIZADO - PALABRAS CLAVES
Palabra clave Secreción
653 ## - TÉRMINO INDIZADO - PALABRAS CLAVES
Palabra clave Digestión: física / química
653 ## - TÉRMINO INDIZADO - PALABRAS CLAVES
Palabra clave Absorción
653 ## - TÉRMINO INDIZADO - PALABRAS CLAVES
Palabra clave Estructura general del tubo digestivo
653 ## - TÉRMINO INDIZADO - PALABRAS CLAVES
Palabra clave Regulación funcional del tubo digestivo
700 1# - ENTRADAS SECUNDARIAS - NOMBRE PERSONAL
Nombre personal Scacchi, Pablo
9 (RLIN) 245
700 1# - ENTRADAS SECUNDARIAS - NOMBRE PERSONAL
Nombre personal López De Luise, Gustavo A.
9 (RLIN) 246
700 1# - ENTRADAS SECUNDARIAS - NOMBRE PERSONAL
Nombre personal Tumilasci, Omar R.
9 (RLIN) 247
700 1# - ENTRADAS SECUNDARIAS - NOMBRE PERSONAL
Nombre personal López Gastón, Alberto
9 (RLIN) 248
930 ## - NUMERO DE INVENTARIO
Número de inventario 247
930 ## - NUMERO DE INVENTARIO
Número de inventario 1820
930 ## - NUMERO DE INVENTARIO
Número de inventario 1948
942 ## - ADDED ENTRY ELEMENTS (KOHA)
Source of classification or shelving scheme Dewey Decimal Classification
Item type Libros
Existencias
Estado de retiro Existencia Fuente de clasificación Estado general No para prestamo Ubicación permanente ubicación actual Sala de ubicación Fecha de adquisición Total Checkouts Número de clasificación Código de barras Date last seen Date last borrowed Número de ejemplar Price effective from Koha tipo de elemento (item)
    Dewey Decimal Classification     Biblioteca Medicina Biblioteca Medicina Circulación 13/05/2011 3 612.3 25 FIS 247 06/11/2014 11/09/2013 ej.3 13/05/2011 Libros
    Dewey Decimal Classification     Biblioteca Medicina Biblioteca Medicina Circulación 13/05/2011 1 612.3 25 FIS 1820 06/11/2014 06/05/2013 ej.4 13/05/2011 Libros
    Dewey Decimal Classification     Biblioteca Medicina Biblioteca Medicina Circulación 13/05/2011 6 612.3 25 FIS 1948 20/10/2025 13/10/2025 ej.5 13/05/2011 Libros

UNIVERSIDAD NACIONAL DEL COMAHUE
Biblioteca de la Facultad de Ciencias Médicas
Sede Toschi: Los Arrayanes y Av. Toschi, Cipolletti  - Rio Negro
Sede Los Tordos:  Yrigoyen al 2211, Cipolletti - Rio Negro 

Teléfono: 0299 - 4774707 int 25
Contacto: biblioteca@facimed.uncoma.edu.ar
© 2011 - 2026